01921 a2200241 45000010006000000050017000060080041000230030015000640400040000790800037001192450055001560200018002112500012002292640034002413000024002755051156002990410008014551000029014637000025014927000026015177000037015438560099015804483920260407155723.0260407a1991 arg spa dAR-UNSa-BCEJYS aAR-UNSa-BCEJYSbspacAR-UNSa-BCEJYS a519.8xInvestigación operativa10aIntroducción a la investigación de operaciones a968-422-993-3 a3a. ed. 1aMéxico :bMcGraw-Hillc1991 axiv, 955 p.c24 cm. aParte 1: Introducción: 1. La naturaleza de la investigación de operaciones – 2. Panorama sobre el enfoque de modelado en la investigación de operaciones -- Parte 2: Programación lineal: 3. Introducción a la programación lineal – 4. Solución de problemas de programación lineal: Método simplex – 5. Teoría del método simplex – 6. Teoría de dualidad y análisis de sensibilidad – 7. Problemas especiales de programación lineal – 8. Formulación de modelos de programación lineal, incluyendo programación por objetos – 9. Otros algoritmos para programación lineal – Parte 3: Programación matemática: 10. Análisis de redes, incluyendo PERT- CPM – 11. Programación dinámica – 12. Teoría del juego – 13. Programación entera – 14. Programación no lineal – Parte 4: Modelos probabilísticos: 15. Cadenas de Markov – 16. Teoría de colas – 17. Aplicación de la teoría de colas – 18. Teoría de inventarios – 19. Pronósticos – 20. Procesos markovianos de decisión y sus aplicaciones – 21. Confiabilidad – 22. Análisis de decisión – 23. Simulación -  aspa1 aGonzález Osuna, Marcia1 aLieberman, Gerald J.1 aHillier, Frederick S.1 aCantú Delgado, José Humberto41uhttps://www.biblioeco.unsa.edu.ar/pmb/images/libros/L126998.jpgyImagen de portadaqimage/jpeg